Quiz de Conhecimentos Gerais - Statistics

Estatísticas Gerais
  • Esse quiz foi jogado 508 vezes
  • A pontuação média é 9 de 25
Estatísticas das Respostas
Hint Resposta % Correto
Como se chama a marca de fast food mais lucrativa do Brasil? McDonald's
80%
Em que cidade ocorreu o incidente com o césio-137? Goiânia
69%
Com que idade Amy Winehouse faleceu? 27
65%
Qual o nome do órgão responsável pela produção de insulina? Pâncreas
61%
Como se chama o/a cantor/a da música "Toxic", lançada em 2003? Britney Spears
60%
Quem fez o gol brasileiro no famoso 7x1 contra a Alemanha em 2014? Oscar
60%
Quem é o Deus grego do vinho? Dionísio
55%
Qual o nome da ovelha clonada em 1996? Dolly
53%
Qual o nome da enzima que digere lactose? Lactase
53%
Em que ano ocorreu a queda da Bastilha? 1789
51%
Qual é a capital da Tailândia? Bangkok
47%
Qual foi o primeiro país a se tornar independente nas Américas? Haiti
33%
Depois da bíblia, qual o segundo livro mais vendido do mundo? Dom Quixote
26%
Qual o nome da presidenta do Novo Banco de Desenvolvimento (NBD) do BRICS eleita em 2023? Dilma Rousseff
24%
Olavo Bilac pertencia à qual escola literária brasileira? Parnasianismo
21%
Em que cidade a série "The office" se passa? Scranton
16%
Quem interpretou Annalise Keating em "Como defender um assassino"? Viola Davis
16%
Quem descobriu a força empuxo? Arquimedes
15%
Qual o nome dos ventos úmidos que saem dos trópicos (áreas de alta pressão) e chagam no Equador (áreas de baixa pressão)? Alísios
13%
Qual parque da Disney possui a atração "Avatar Flight of Passage"? Animal Kingdom
12%
Qual o método de separação de misturas realizado pelas refinarias de petróleo? Destilação Fracionada
12%
Qual doença causada pelo protozoário do gênero Plasmodium? Malária
12%
Como é chamada a segunda estrela mais brilhante vista da Terra? Sirius
10%
Como é o nome do fenômeno ondulatório relacionado à mudança aparente da frequência devido ao movimento relativo entre fonte e receptor? Efeito Doppler
8%
Como se chama o período geológico do surgimento dos dinossauros? Triássico
6%
Nenhum quiz correspondente encontrado
Distribuição das Pontuações
Porcentagem de Pessoas com Cada Pontuação
Percentil de Números Respondidos
Sua Pontuação Histórica
Você não jogou esse quiz